LEADER 02811nam 2200697 450 001 996344232903316 005 20220413182034.0 010 $a3-8452-1916-5 035 $a(CKB)4340000000011588 035 $a(WaSeSS)IndRDA00120520 035 $a(EXLCZ)994340000000011588 100 $a20200603d2009 uy 0 101 0 $ager 135 $aur||||||||||| 181 $ctxt$2rdacontent 182 $cc$2rdamedia 183 $acr$2rdacarrier 200 04$aDie Auswirkungen der Rechtsprechung des Europa?ischen Gerichtshofs auf das Arbeitsrecht der Mitgliedstaaten /$fOlaf Scholz, Ulrich Becker (Hrsg.) 210 1$aBaden-Baden, Germany :$cNomos,$d2009. 215 $a1 online resource (172 pages) 225 0 $aStudien aus dem Max-Planck-Institut für Sozialrecht und Sozialpolitik ;$vBd. 46 320 $aIncludes bibliographical references. 330 $a"Die Urteile des Europäischen Gerichtshofes in den Rechtssachen Viking, Laval und Rüffert haben für großes Aufsehen gesorgt. Diese Entscheidungen standen im Mittelpunkt der Tagung, die dieser Band dokumentiert und zeigen, wie schwierig die Balance zwischen Unternehmerfreiheiten und Arbeitnehmerrechten innerhalb der Europäischen Union ist."--Verl. 606 $aDroit du travail$9fre$2ECLAS 606 $alabour law$9eng$2eurovoc 606 $aDroits fondamentaux$9fre$2ECLAS 606 $arights of the individual$9eng$2eurovoc 606 $aDroit de grève$9fre$2ECLAS 606 $aright to strike$9eng$2eurovoc 606 $aUE/CE Droit$9fre$2ECLAS 606 $aEU law$9eng$2eurovoc 606 $aUE/CE Cour de justice$9fre$2ECLAS 606 $aCourt of Justice (EU)$9eng$2eurovoc 606 $aJurisprudence$9fre$2ECLAS 606 $acase law (EU)$9eng$2eurovoc 606 $aUE/CE Etats membres$9fre$2ECLAS 606 $aEU Member State$9eng$2eurovoc 615 7$aDroit du travail 615 7$alabour law 615 7$aDroits fondamentaux 615 7$arights of the individual 615 7$aDroit de grève 615 7$aright to strike 615 7$aUE/CE Droit 615 7$aEU law 615 7$aUE/CE Cour de justice 615 7$aCourt of Justice (EU) 615 7$aJurisprudence 615 7$acase law (EU) 615 7$aUE/CE Etats membres 615 7$aEU Member State 676 $a341.763094 702 $aScholz$b Olaf 702 $aBecker$b Ulrich$f1960- 712 12$aSymposiun "Die Auswirkungen der Rechtsprechung des Europäischen Gerichtshofes auf das Arbeitsrecht der Mitgliedstaaten?$f(2008 :$eBerlin). 801 0$bWaSeSS 801 1$bWaSeSS 906 $aBOOK 912 $a996344232903316 996 $aDie Auswirkungen der Rechtsprechung des Europa?ischen Gerichtshofs auf das Arbeitsrecht der Mitgliedstaaten$92214461 997 $aUNISA LEADER 01343nam0 22003251i 450 001 UON00264609 005 20231205103728.370 010 $a88-215-0276-7 100 $a20050606d1981 |0itac50 ba 101 $aita 102 $aIT 105 $a|||| 1|||| 200 1 $aAi martiri$fTertulliano$gintroduzione, traduzione e note di Pier Angelo Gramaglia 210 $aRoma$cEdizioni Paoline$d1981 215 $a193 p.$d18 cm 410 1$1001UON00101879$12001 $aLetture cristiane delle origini. Testi$v22 606 $aCRISTIANESIMO$xStoria$xSec. 1.-5.$3UONC050318$2FI 606 $aCRISTIANESIMO$xMartiri$3UONC056833$2FI 620 $aIT$dRoma$3UONL000004 686 $aVOA VII BA$cVICINO ORIENTE ANTICO - RELIGIONE - CRISTIANESIMO$2A 700 1$aTERTULLIANUS$bQuintus Septimius Florens$3UONV058128$0153105 702 1$aGRAMAGLIA$bPierangelo$3UONV065432 712 $aEdizioni Paoline$3UONV247224$4650 790 0$aTERTULLIANO$zTERTULLIANUS, Quintus Septimius Florens$3UONV058129 801 $aIT$bSOL$c20240220$gRICA 899 $aSIBA - SISTEMA BIBLIOTECARIO DI ATENEO$2UONSI 912 $aUON00264609 950 $aSIBA - SISTEMA BIBLIOTECARIO DI ATENEO$dSI VOA VII BA 221 N $eSI SA 113872 5 221 N 996 $aAd Martyras$943221 997 $aUNIOR